| 000 | nam a22 7a 4500 | ||
|---|---|---|---|
| 999 |
_c24439 _d24439 |
||
| 008 | 170128b xxu||||| |||| 00| 0 eng d | ||
| 020 | _a471022209 | ||
| 050 | _aLC 5251 .A73 1968 | ||
| 100 | _aAlford, Harold J. | ||
| 245 |
_aContinuing education in action : _bresidential centers for lifelong learning / _cHarold J. Alford and W.K Kellogg. |
||
| 260 |
_aNewYork : _bJohn Wiley & sons, Inc, _c1968. |
||
| 300 |
_aviii, 153p. : _bill. ; _c23cm. |
||
| 500 | _aInclude index. | ||
| 650 | _aEducation. | ||
| 700 | _aKellogg, W. K. | ||
| 942 |
_2lcc _cBOOKS |
||